书目信息 |
| 题名: |
声乐曲选
|
|
| 作者: | ;中央音乐学院声乐糸 编 | |
| 分册: | ||
| 出版信息: | 北京 人民音乐出版社 1982.3 |
|
| 页数: | 65页 | |
| 开本: | 26cm | |
| 丛书名: | ||
| 单 册: | ||
| 中图分类: | J642.51 | |
| 科图分类: | ||
| 主题词: | 音乐--作品--中国 | |
| 电子资源: | ||
| ISBN: | ||
| 000 | 00667nam0 2200205 45 | |
| 001 | 0312221749 | |
| 005 | 20040512145951.6 | |
| 010 | @dCNY0.82 | |
| 100 | @a20031222d1982 km y0chiy0120 ea | |
| 101 | @achi | |
| 105 | @a z 000yy | |
| 200 | 1 | @a声乐曲选@e独唱、附钢琴伴奏@EDu Chang、Fu Gang Qin Ban Zou@ASheng Yue Qu Xuan@f中央音乐学院声乐糸编@FZhong Yang Yin Yue Xue Yuan Sheng Yue Mi Bian |
| 210 | @a北京@c人民音乐出版社@d1982.3 | |
| 215 | @a65页@d26cm | |
| 517 | @a独唱、附钢琴伴奏@ADu Chang、Fu Gang Qin Ban Zou | |
| 606 | 0 | @a音乐@x作品@x中国 |
| 690 | @aJ642.51@v3 | |
| 711 | 02 | @a中央音乐学院声乐糸@4编 |
| 801 | @aCN@bTSTCL@c20031222 | |
| 905 | @dJ642.51@e103 | |
| 声乐曲选:独唱、附钢琴伴奏/中央音乐学院声乐糸编.-北京:人民音乐出版社,1982.3 |
| 65页;26cm |
| ISBN :CNY0.82 |
| ● |
| 相关链接 |
|
|
|
|
正题名:声乐曲选
索取号:J642.51/103
 
预约/预借
| 序号 | 登录号 | 条形码 | 馆藏地/架位号 | 状态 | 备注 |
| 1 | 0207894 | 001202861 | 第一借阅区/ [索取号:J642.51/103] | 在馆 | |
| 2 | 0207895 | 001202772 | 第一样本阅览室/ [索取号:J642.51/103] | 在馆 |